00879nam a22002177a 4500008004100000020001800041050002300059100002600082240004600108245009100154250001800245260003600263300003800299500006700337504002000404505012600424650003800550650001300588700002400601700003600625131120s2009 si a|||| |||| 00| 0 spa d a9788434232358 aZ246 bA53418 2009 aAmbrose, Gavineautor14aThe Fundamentals of typographylespañol aFundamentos de la tipografía c / Gavín Ambrose ; traducción Melissa Arcos Percy a2a. edición aSingapurb : Parramónc, 2009 a169 páginasb : ilustraciones  aIncluye: glosario (pp.172-173) Incluye: índice (pp.174-175) aFuentes (p.176) aBreve introducción histórica Algunos términos básicps Estilos de letras Palabras ypárrafos El usomde los tipos 10aDISEÑO GRÁFICO (TIPOGRAFÍA)20aIMPRENTA aHarris, Pauleautor aArcos Percy, Melissaetraductor